Top 10 most popular girl names in the 2020’s - Statistics

General Stats
  • This quiz has been taken 17 times
  • The average score is 5 of 10
Answer Stats
Popularity Number of Girls Name % Correct
2 43,156 girls Emma
71%
1 49,870 girls Olivia
65%
6 36,966 girls Ava
59%
9 27,600 girls Evelyn
53%
8 31,725 girls Mia
53%
4 38,136 girls Amelia
47%
7 35,037 girls Isabella
47%
5 37,504 girls Sophia
47%
3 39,116 girls Charlotte
41%
10 25,160 girls Harper
29%
No matching quizzes found
Score Distribution
Percent of People with Each Score
Percentile by Number Answered
Your Score History
You have not taken this quiz